WWE Rhyme Time Quiz Stats

Quiz not verified by Sporcle

Challenge
Share
Tweet
Embed
Score 0/30 Timer 10:00
0 Plays Today
% Correct
Randy Orton
88.4%
Jack Swagger
87.1%
Dolph Ziggler
83.2%
Justin Gabriel
81.9%
Jim Ross
79.4%
Mark Henry
78.7%
Rey Mysterio
75.5%
Husky Harris
72.3%
Wade Barrett
72.3%
Zack Ryder
71.6%
Kofi Kingston
67.7%
Tyson Kidd
67.1%
Cody Rhodes
63.9%
John Cena
63.9%
Big Show
63.9%
% Correct
John Morrison
62.6%
Daniel Bryan
61.9%
Tyler Reks
61.3%
Chris Masters
54.8%
Evan Bourne
54.2%
Matt Striker
49%
Heath Slater
46.5%
Drew McIntyre
42.6%
Jerry Lawler
41.3%
Gail Kim
40.6%
Shawn Michaels
39.4%
Michelle McCool
32.9%
Eve Torres
32.3%
Trent Barreta
23.9%
Mike Mizanin
19.4%

You're not logged in!

Compare scores with friends on all Sporcle quizzes.
Sign Up with Email
OR
Log In

You Might Also Like...

Show Comments

Extras

Top Quizzes Today


Score Distribution

Your Account Isn't Verified!

In order to create a playlist on Sporcle, you need to verify the email address you used during registration. Go to your Sporcle Settings to finish the process.